[Event "Wroclaw Anderssen Memorial op-C"]
[Site "Wroclaw"]
[Date "2023.??.??"]
[Round "1"]
[White "Mackiewicz, Lukasz"]
[Black "Sikorski, Bartosz1"]
[Result "1/2-1/2"]
[WhiteElo "1538"]
[BlackElo "1133"]
[PlyCount "145"]
[EventDate "2023.08.06"]
[EventType "swiss"]
[EventRounds "9"]
[EventCountry "POL"]
[SourceTitle "EXT 2024"]
[Source "ChessBase"]
[SourceDate "2023.10.10"]
[SourceVersion "1"]
[SourceVersionDate "2023.10.10"]
[SourceQuality "1"]

1. e4 c5 2. Nf3 Nc6 3. c3 d5 4. exd5 Qxd5 5. d4 Nf6 6. Be3 e6 7. Be2 cxd4 8. cxd4 Be7 9. Nc3 Qd8 10. 0-0 0-0 11. Rc1 b6 12. Qb3 Bb7 13. Rfd1 Rc8 14. d5 Na5 15. Qa4 Nxd5 16. Nxd5 Bxd5 17. b4 Nc6 18. a3 Qe8 19. Bb5 a6 20. Bxa6 Ra8 21. b5 Nb8 22. Qf4 Nxa6 23. bxa6 Rxa6 24. Rb1 Qb8 25. Qg4 Bf6 26. h4 Qa8 27. Nd4 h5 28. Qg3 Rxa3 29. Nb5 Ra4 30. Nc7 Qd8 31. Nxd5 exd5 32. Bxb6 Qa8 33. Qf3 Rg4 34. Qxd5 Bxh4 35. Qxa8 Rxa8 36. Rd5 g6 37. Be3 Bf6 38. Rdb5 Kg7 39. Rb7 h4 40. Kf1 Re8 41. R7b6 Be5 42. R6b4 Rxb4 43. Rxb4 Rh8 44. Rb5 Bf6 45. Rb6 h3 46. gxh3 Rxh3 47. Kg2 Rh4 48. Ra6 Rc4 49. Ra5 Bd4 50. Bxd4+ Rxd4 51. Ra7 g5 52. Ra6 f6 53. Ra7+ Kg6 54. Ra6 Rf4 55. Rb6 Kh5 56. Ra6 g4 57. Ra5+ f5 58. Ra8 Rf3 59. Rh8+ Kg5 60. Rg8+ Kf4 61. Ra8 Rd3 62. Ra4+ Ke5 63. Ra5+ Rd5 64. Rxd5+ Kxd5 65. f3 Ke5 66. fxg4 fxg4 67. Kg3 Kf5 68. Kg2 Kg6 69. Kg3 Kh5 70. Kg2 Kg6 71. Kg3 Kg5 72. Kg2 g3 73. Kxg3 1/2-1/2